00000000nam##2200000za#4500
0019.634817
003CaOODSP
00520230201095211
007cr |||||||||||
008150407|2007||||xxc|||||o    f|0| 0 fre|d
020 |a978-0-662-07663-6
040 |aCaOODSP|bfre
043 |an-cn---
0861 |aPS64-2/1-2007F-PDF
1102 |aGendarmerie royale du Canada.
24513|aLa drogue et le sport |h[ressource électronique]
260 |aOttawa - Ontario : |bGendarmerie royale du Canada |cc2007.
300 |a1p.
590 |a13-14-Supp|b2013-05-30
69107|aMédicament en vente libre|2gcpds
69107|aSport|2gcpds
69107|aConsommation de drogues|2gcpds
77508|tDrugs and sport |w(CaOODSP)9.690453
7760#|tDrugs and sport / |w(CaOODSP)9.669501
7760#|tLa drogue et le sport / |w(CaOODSP)9.669502
85640|ahttp://publications.gc.ca|qPDF|s270 Ko|uhttps://publications.gc.ca/collections/collection_2013/grc-rcmp/PS64-2-1-2007-fra.pdf